[Event "SLO-chT2 West"]
[Site "Komenda"]
[Date "2017.11.26"]
[Round "7.5"]
[White "Gorse, Damjan"]
[Black "Torkar, Boris"]
[Result "1/2-1/2"]
[WhiteElo "1781"]
[BlackElo "1812"]
[PlyCount "76"]
[EventDate "2017.11.11"]
[EventType "team-tourn"]
[EventRounds "7"]
[EventCountry "SLO"]
[SourceTitle "EXT 2019"]
[Source "ChessBase"]
[SourceDate "2018.10.10"]
[SourceVersion "1"]
[SourceVersionDate "2018.10.10"]
[SourceQuality "1"]
[WhiteTeam "Dolenjske Toplice"]
[BlackTeam "Radovljica"]
[WhiteTeamCountry "SLO"]
[BlackTeamCountry "SLO"]

1. e4 e6 2. d4 d5 3. exd5 exd5 4. Bd3 Bd6 5. Qf3 Nf6 6. Bg5 Be7 7. h3 0-0 8. Ne2 Re8 9. 0-0 Nbd7 10. Nd2 Nf8 11. Ng3 c6 12. c3 Bd7 13. Rfe1 Ne4 14. Be3 Nf6 15. Ndf1 Qc7 16. Nf5 Bxf5 17. Bxf5 Bd6 18. Bg5 N8d7 19. h4 h6 20. Bd2 Rad8 21. g4 Rxe1 22. Rxe1 Re8 23. g5 Rxe1 24. Bxe1 hxg5 25. hxg5 Ne8 26. Bd2 g6 27. Bd3 Nf8 28. Qg4 Ng7 29. f4 Qd7 30. Qf3 Nf5 31. Kf2 Qe6 32. Ne3 Nxe3 33. Bxe3 Qe7 34. f5 gxf5 35. Bxf5 Ng6 36. Qh5 Qe8 37. Kf3 Bc7 38. Qg4 Qe7 1/2-1/2

[Event "SLO-chT2 West"]
[Site "Komenda"]
[Date "2016.11.11"]
[Round "1.5"]
[White "Cizman, Gregor"]
[Black "Gorse, Damjan"]
[Result "0-1"]
[WhiteElo "1611"]
[BlackElo "1784"]
[PlyCount "58"]
[EventDate "2016.11.11"]
[EventType "team-tourn"]
[EventRounds "9"]
[EventCountry "SLO"]
[SourceTitle "EXT 2019"]
[Source "ChessBase"]
[SourceDate "2018.10.10"]
[SourceVersion "1"]
[SourceVersionDate "2018.10.10"]
[SourceQuality "1"]
[WhiteTeam "Ljubljana Karel Jeraj"]
[BlackTeam "Dolenjske Toplice"]
[WhiteTeamCountry "SLO"]
[BlackTeamCountry "SLO"]

1. d4 Nf6 2. Nf3 g6 3. Bf4 Bg7 4. c3 d6 5. h3 Bf5 6. e3 0-0 7. Be2 Nbd7 8. 0-0 Be4 9. Nbd2 Bxf3 10. Nxf3 Re8 11. Qb3 Rb8 12. Rfd1 e6 13. Qc2 Qe7 14. Rab1 e5 15. dxe5 dxe5 16. Bh2 b5 17. b3 Qc5 18. c4 a5 19. Rbc1 b4 20. Rd2 Qc6 21. Rcd1 Re7 22. Bg3 Ne4 23. Bh4 Bf6 24. Rd5 Bxh4 25. Nxh4 Nc3 26. R1d2 Nxd5 27. Rxd5 Nc5 28. Nf3 Rbe8 29. Qb2 f6 0-1

[Event "SLO-chT2 West"]
[Site "Slovenia"]
[Date "2015.11.08"]
[Round "7"]
[White "Starc, Enej"]
[Black "Gorse, Damjan"]
[Result "0-1"]
[WhiteElo "1881"]
[BlackElo "1767"]
[PlyCount "106"]
[EventDate "2015.10.17"]
[EventType "team-tourn"]
[EventRounds "7"]
[EventCountry "SLO"]
[SourceTitle "EXT 2019"]
[Source "ChessBase"]
[SourceDate "2018.10.10"]
[SourceVersion "1"]
[SourceVersionDate "2018.10.10"]
[SourceQuality "1"]
[WhiteTeam "Ilirska Bistrica Rimex"]
[BlackTeam "Dolenjske Toplice"]
[WhiteTeamCountry "SLO"]
[BlackTeamCountry "SLO"]

1. d4 Nf6 2. c4 g6 3. Nc3 Bg7 4. Nf3 d6 5. h3 0-0 6. Bf4 Nbd7 7. e3 Re8 8. Be2 b6 9. 0-0 Bb7 10. Qc2 e5 11. Bg3 c6 12. Rfd1 Qc7 13. Rac1 Rac8 14. Bh4 Ba6 15. Bg3 Qb7 16. Qb3 Rb8 17. a4 Qc8 18. Qc2 Bb7 19. Ng5 Bf8 20. Bf3 Kg7 21. Rd2 Qc7 22. Qd1 h6 23. Nge4 Rbd8 24. Nxf6 Nxf6 25. dxe5 dxe5 26. Bxe5 Qe7 27. Rcc2 Rxd2 28. Bxf6+ Qxf6 29. Rxd2 Bb4 30. Rd4 Bxc3 31. bxc3 c5 32. Rf4 Qe7 33. Bd5 Rd8 34. Qf3 Bxd5 35. cxd5 g5 36. Re4 Qd7 37. c4 Qxa4 38. Re7 Rf8 39. Qe4 Qa1+ 40. Kh2 a6 41. d6 Qf6 42. d7 Rd8 43. f4 b5 44. cxb5 axb5 45. Re5 Rxd7 46. Rxc5 Re7 47. Qd4 Rb7 48. Qb4 Qe7 49. fxg5 hxg5 50. Qd4+ Kg6 51. Rc6+ f6 52. Qd3+ Kg7 53. Rc5 Qxc5 0-1

[Event "SLO-chT2 West"]
[Site "Slovenia"]
[Date "2015.10.18"]
[Round "3"]
[White "Zlatanovic, Marcus"]
[Black "Gorse, Damjan"]
[Result "0-1"]
[WhiteElo "1207"]
[BlackElo "1767"]
[PlyCount "53"]
[EventDate "2015.10.17"]
[EventType "team-tourn"]
[EventRounds "7"]
[EventCountry "SLO"]
[SourceTitle "EXT 2019"]
[Source "ChessBase"]
[SourceDate "2018.10.10"]
[SourceVersion "1"]
[SourceVersionDate "2018.10.10"]
[SourceQuality "1"]
[WhiteTeam "Posocje"]
[BlackTeam "Dolenjske Toplice"]
[WhiteTeamCountry "SLO"]
[BlackTeamCountry "SLO"]

1. e4 d6 2. d4 Nf6 3. Nc3 g6 4. Bg5 Bg7 5. Nf3 Bg4 6. h3 Bxf3 7. Qxf3 0-0 8. Bd3 Nbd7 9. 0-0 c6 10. Ne2 Qa5 11. Bxf6 Bxf6 12. c3 Rac8 13. a3 Qb6 14. Rab1 c5 15. dxc5 Qxc5 16. Nf4 Ne5 17. Qe2 Nxd3 18. Qxd3 e6 19. Rfd1 Rfd8 20. Qf3 Bg7 21. Rd2 Bh6 22. Rbd1 Qb6 23. Qg3 Rc5 24. Re2 d5 25. Qh4 Kg7 26. Kf1 Rd6 27. Red2 0-1

[Event "SLO-chT2 West"]
[Site "Ljubljana"]
[Date "2014.11.09"]
[Round "9.6"]
[White "Gorse, Damjan"]
[Black "Konvalinka, Kostja"]
[Result "1-0"]
[WhiteElo "1777"]
[BlackElo "1690"]
[PlyCount "121"]
[EventDate "2014.10.17"]
[EventType "team-tourn"]
[EventRounds "9"]
[EventCountry "SLO"]
[SourceTitle "EXT 2019"]
[Source "ChessBase"]
[SourceDate "2018.10.10"]
[SourceVersion "1"]
[SourceVersionDate "2018.10.10"]
[SourceQuality "1"]
[WhiteTeam "Dolenjske Toplice"]
[BlackTeam "Trzin"]
[WhiteTeamCountry "SLO"]
[BlackTeamCountry "SLO"]

1. Nf3 d5 2. g3 Nf6 3. Bg2 c6 4. 0-0 Bf5 5. d3 Qc7 6. Bf4 Qd8 7. b3 g6 8. Nd4 Bc8 9. Nf3 Bg7 10. Nbd2 0-0 11. Rb1 Re8 12. d4 Nh5 13. Be3 Qd6 14. c4 Bf5 15. c5 Qc7 16. Rb2 Nd7 17. b4 e5 18. dxe5 Nxe5 19. Bd4 Be4 20. Nxe4 dxe4 21. Ng5 f5 22. Qb3+ Nf7 23. Rd2 Qe7 24. Qxf7+ Qxf7 25. Nxf7 Kxf7 26. Bxg7 Nxg7 27. Rfd1 Nh5 28. e3 Nf6 29. Bf1 Ke7 30. Bc4 Rad8 31. Rd6 Rxd6 32. Rxd6 Nd7 33. Kg2 Rf8 34. Re6+ Kd8 35. Rd6 Ke7 36. Re6+ Kd8 37. f3 exf3+ 38. Kxf3 Rf6 39. Kf4 h6 40. h4 b6 41. Rxf6 Nxf6 42. Bf7 bxc5 43. bxc5 Nd7 44. Bxg6 Nxc5 45. Bxf5 Ke7 46. g4 Nb7 47. Ke5 Nd8 48. Bd3 Ne6 49. Kf5 Nc5 50. Bc4 Nd7 51. e4 c5 52. g5 hxg5 53. hxg5 Nb6 54. Bb3 c4 55. Bc2 c3 56. Kg6 Nd7 57. Kg7 Nf8 58. g6 Ke8 59. Kf6 Nd7+ 60. Ke6 Nc5+ 61. Kd5 1-0

[Event "SLO-chT2 West"]
[Site "Ljubljana"]
[Date "2014.11.07"]
[Round "6.6"]
[White "Pretnar, Bostjan"]
[Black "Gorse, Damjan"]
[Result "0-1"]
[WhiteElo "1727"]
[BlackElo "1777"]
[PlyCount "120"]
[EventDate "2014.10.17"]
[EventType "team-tourn"]
[EventRounds "9"]
[EventCountry "SLO"]
[SourceTitle "EXT 2019"]
[Source "ChessBase"]
[SourceDate "2018.10.10"]
[SourceVersion "1"]
[SourceVersionDate "2018.10.10"]
[SourceQuality "1"]
[WhiteTeam "Radovljica"]
[BlackTeam "Dolenjske Toplice"]
[WhiteTeamCountry "SLO"]
[BlackTeamCountry "SLO"]

1. d4 Nf6 2. Bg5 g6 3. Nd2 Bg7 4. e4 d6 5. Bd3 Nc6 6. c3 0-0 7. Qe2 e5 8. d5 Ne7 9. Bxf6 Bxf6 10. h4 h5 11. 0-0-0 Kg7 12. f3 Rh8 13. g4 hxg4 14. fxg4 Bxh4 15. Ngf3 g5 16. Qg2 Ng6 17. Nf1 Nf4 18. Qg1 Qf6 19. Ne3 Bd7 20. Kb1 Nxd3 21. Rxd3 Qf4 22. Nxh4 gxh4 23. Nf5+ Bxf5 24. gxf5+ Kf6 25. Qe1 Rag8 26. Rdh3 Rg4 27. Re3 Rhg8 28. Rf1 Qg5 29. Rh3 Rg3 30. Rhh1 h3 31. Qe2 Qg4 32. Qc4 Rf3 33. Qxc7 Qxe4+ 34. Ka1 Rxf1+ 35. Rxf1 Qxd5 36. c4 Qc6 37. Qa5 h2 38. Qe1 Rh8 39. Rh1 Qg2 40. a3 Rh3 41. c5 dxc5 42. Qd1 Kg7 43. f6+ Kg6 44. Qb1+ e4 45. Qd1 Rg3 46. Ka2 Rg5 47. Qd8 Qxh1 48. Qg8+ Kxf6 49. Qd8+ Kg6 50. Qg8+ Kf6 51. Qd8+ Kf5 52. Qd7+ Kg6 53. Qd6+ Kh5 54. Qf6 Qf3 55. Qh8+ Kg4 56. Qxh2 e3 57. Qg1+ Kf4 58. Qh2+ Qg3 59. Qh7 f5 60. Qc7+ Kg4 0-1

[Event "SLO-chT2 West"]
[Site "Ljubljana"]
[Date "2013.11.16"]
[Round "7.6"]
[White "Gorse, Damjan"]
[Black "Ristov, Tase"]
[Result "1/2-1/2"]
[WhiteElo "1850"]
[BlackElo "1863"]
[PlyCount "33"]
[EventDate "2013.11.08"]
[EventType "team"]
[EventRounds "9"]
[EventCountry "SLO"]
[SourceTitle "EXT 2015"]
[Source "ChessBase"]
[SourceDate "2014.11.20"]
[SourceVersion "1"]
[SourceVersionDate "2014.11.20"]
[SourceQuality "1"]
[WhiteTeam "Dolenjske Toplice"]
[BlackTeam "Stari Mayr Kranj"]
[WhiteTeamCountry "SLO"]
[BlackTeamCountry "SLO"]

1. d4 d5 2. c4 Nf6 3. Nf3 e6 4. e3 c5 5. b3 cxd4 6. Nxd4 dxc4 7. Bxc4 Bb4+ 8. Bd2 Bxd2+ 9. Qxd2 0-0 10. 0-0 e5 11. Nb5 Qb6 12. Rd1 Bg4 13. f3 Bh5 14. N1c3 Nc6 15. Na4 Qd8 16. Nc5 Qb6 17. Na4 1/2-1/2

[Event "SLO-chT2 West"]
[Site "Ljubljana"]
[Date "2013.11.15"]
[Round "6.6"]
[White "Janzelj, Lara"]
[Black "Gorse, Damjan"]
[Result "1-0"]
[WhiteElo "1817"]
[BlackElo "1850"]
[PlyCount "79"]
[EventDate "2013.11.08"]
[EventType "team"]
[EventRounds "9"]
[EventCountry "SLO"]
[SourceTitle "EXT 2015"]
[Source "ChessBase"]
[SourceDate "2014.11.20"]
[SourceVersion "1"]
[SourceVersionDate "2014.11.20"]
[SourceQuality "1"]
[WhiteTeam "Ig"]
[BlackTeam "Dolenjske Toplice"]
[WhiteTeamCountry "SLO"]
[BlackTeamCountry "SLO"]

1. d4 Nf6 2. c4 e6 3. Nf3 d5 4. Bg5 Be7 5. Nc3 dxc4 6. e4 0-0 7. Bxc4 c6 8. 0-0 h6 9. Bf4 b6 10. Qe2 Bb7 11. Rfd1 Bb4 12. Rac1 Bxc3 13. bxc3 Qe7 14. Bb3 Nbd7 15. c4 Rfd8 16. e5 Ne8 17. Nd2 Nf8 18. Ne4 Ng6 19. Bg3 Nh4 20. Nd6 Nxd6 21. exd6 Qf6 22. c5 b5 23. Rc3 Nf5 24. Be5 Qg5 25. Bc2 Bc8 26. Be4 Bd7 27. Qf3 Rac8 28. Ra3 Ra8 29. Bxf5 exf5 30. d5 cxd5 31. Qxd5 Be6 32. Qd4 f6 33. Rg3 Qh5 34. Bxf6 g5 35. Bxd8 Rxd8 36. Re3 Bxa2 37. c6 b4 38. c7 Re8 39. Rxe8+ Qxe8 40. d7 1-0

[Event "SLO-chT2 West"]
[Site "Ljubljana"]
[Date "2013.11.10"]
[Round "4.6"]
[White "Hribar, Andrej"]
[Black "Gorse, Damjan"]
[Result "1-0"]
[WhiteElo "1693"]
[BlackElo "1850"]
[PlyCount "66"]
[EventDate "2013.11.08"]
[EventType "team"]
[EventRounds "9"]
[EventCountry "SLO"]
[SourceTitle "EXT 2015"]
[Source "ChessBase"]
[SourceDate "2014.11.20"]
[SourceVersion "1"]
[SourceVersionDate "2014.11.20"]
[SourceQuality "1"]
[WhiteTeam "Lojz Kraigher"]
[BlackTeam "Dolenjske Toplice"]
[WhiteTeamCountry "SLO"]
[BlackTeamCountry "SLO"]

1. d4 Nf6 2. c4 e6 3. Nf3 d5 4. e3 c5 5. Be2 Be7 6. 0-0 0-0 7. b3 Nc6 8. Bb2 Rb8 9. cxd5 Nxd5 10. Bb5 Bd7 11. Nbd2 Nf6 12. a3 a6 13. Bd3 Nd5 14. Rc1 cxd4 15. Nxd4 Nxd4 16. exd4 Nf4 17. Bb1 Bc6 18. Be4 Bxe4 19. Nxe4 Rc8 20. Qd2 Rxc1 21. Rxc1 Bg5 22. Kf1 Bh6 23. g3 Nh3 24. f4 Qd5 25. Qe3 f5 26. Nf2 Nxf2 27. Kxf2 g5 28. fxg5 f4 29. gxf4 Bxg5 30. Rg1 Kh8 31. Rxg5 Qxg5 32. d5+ Kg8 33. Qxe6+ Rf7 1-0